[Event "AUTO-INT-980"]
[Site "http://www.queenalice.com/game.php?id=438718"]
[Date "2008.7.25"]
[Round "1"]
[White "ayasib_boyz"]
[Black "Chalk"]
[Result "0-1"]
[WhiteElo "1607"]
[BlackElo "1532"]

1. d4 g6 2. b3 Bg7 3. Bb2 d5 4. Nc3 Nf6 5. Nf3 c6 6. g3 O-O 7. Bg2 b5 8. O-O h6
9. Ne5 Bb7 10. e4 dxe4 11. Nxe4 Nxe4 12. Bxe4 Nd7 13. f4 Nxe5 14. dxe5 Qb6+ 15.
Bd4 c5 16. Bxb7 Qxb7 17. Bxc5 Rad8 18. Qf3 Qxf3 19. Rxf3 Rd7 20. b4 Rfd8 21.
Rff1 e6 22. a4 a6 23. a5 Rd5 24. c3 Kh7 0-1

[Event "AUTO-INT-980"]
[Site "http://www.queenalice.com/game.php?id=438719"]
[Date "2008.7.25"]
[Round "1"]
[White "Chalk"]
[Black "ayasib_boyz"]
[Result "1-0"]
[WhiteElo "1551"]
[BlackElo "1588"]

1. b3 Nf6 2. Bb2 d6 3. h3 g6 4. Nf3 Bg7 5. e3 O-O 6. Be2 c5 7. d3 Nc6 8. a3 Bd7
9. Bc3 Qc7 10. O-O Rad8 11. Qd2 b5 12. Nh2 a5 13. f4 b4 14. Bb2 e5 15. a4 Nh5
16. Bxh5 gxh5 17. fxe5 dxe5 18. e4 Bc8 19. Qe3 Rd6 20. Nf3 f5 21. exf5 Rxf5 22.
Nbd2 Ne7 23. Nxe5 Re6 24. Ndc4 Rfxe5 25. Bxe5 1-0

[Event "AUTO-INT-980"]
[Site "http://www.queenalice.com/game.php?id=438730"]
[Date "2008.7.25"]
[Round "1"]
[White "Chalk"]
[Black "Matuto_do_Vale"]
[Result "1-0"]
[WhiteElo "1505"]
[BlackElo "1556"]

1. h3 d5 2. d4 e5 3. dxe5 Nc6 4. Nf3 f6 5. exf6 Nxf6 6. Bg5 Be7 7. e3 O-O 8. Bd3
h6 9. Bh4 Bd6 10. c3 a6 11. a3 Ne5 12. Nxe5 Bxe5 13. Bxf6 Qxf6 14. O-O Bf5 15.
Bxf5 Qxf5 16. Qxd5+ Kh8 17. e4 Qf4 18. g3 Qg5 19. Kg2 Rad8 20. Qxb7 h5 21. Qxa6
Rd6 22. h4 Qg4 23. Qb5 Qf3+ 24. Kg1 Qxe4 25. Qa5 Rd5 26. Qb4 Qxb4 27. axb4 Rf5
28. Ra8+ Kh7 29. Na3 Bd6 30. Nc4 g5 31. Ne3 gxh4 32. Nxd5 Rxd5 33. gxh4 Kg6 34.
Ra5 Rd2 35. Rb1 Re2 36. Kf1 Re4 37. b5 Rxh4 38. Ke2 Re4+ 39. Kf3 Re5 40. Rg1+
Rg5 41. Rxg5+ Kxg5 42. b6+ Kg6 43. b7 c6 44. Ra6 1-0

[Event "AUTO-INT-980"]
[Site "http://www.queenalice.com/game.php?id=438731"]
[Date "2008.7.25"]
[Round "1"]
[White "Matuto_do_Vale"]
[Black "Chalk"]
[Result "1-0"]
[WhiteElo "1528"]
[BlackElo "1401"]

1. b3 e5 2. Bb2 e4 3. e3 Nf6 4. Bc4 d5 5. Be2 Be7 6. d3 O-O 7. Nc3 a6 8. h3 Bd7
9. dxe4 dxe4 10. f3 exf3 11. Nxf3 Bc6 12. O-O Qxd1 13. Raxd1 Nbd7 14. Rd3 Nc5
15. Rd4 Nce4 16. Nxe4 Nxe4 17. Ne5 Ng3 18. Rf2 Bc5 19. Nxc6 Bxd4 20. Nxd4 c5 21.
Nf5 Nxf5 22. Rxf5 g6 23. Rxc5 f5 24. Bc4+ 1-0

[Event "Let's Play Chess!"]
[Site "http://www.queenalice.com/game.php?id=454960"]
[Date "2008.8.28"]
[Round "-"]
[White "CampbellMarcel"]
[Black "Chalk"]
[Result "1-0"]
[WhiteElo "1839"]
[BlackElo "1568"]

1. e4 d5 2. exd5 Qxd5 3. Nc3 Qe5+ 4. Be2 e6 5. Nf3 Qd6 6. d4 h6 7. O-O Be7 8.
Ne5 a6 9. Be3 Bf6 10. Nc4 Qd7 11. Ne4 b5 12. Nxf6+ Nxf6 13. Ne5 Qd6 14. c4 c6
15. c5 Qe7 16. Qd2 Bb7 17. Bf3 O-O 18. Rfe1 Nfd7 19. Ng4 f5 20. Nxh6+ gxh6 21.
Bxh6 Nf6 22. Qg5+ Kh7 23. Bxf8 Qxf8 24. Rxe6 Nbd7 25. Rae1 Rc8 26. Qxf5+ Kh8 27.
Re7 Rd8 28. Qh3+ Kg8 29. Bh5 Bc8 30. Bf7+ 1-0

[Event "Let's Play Chess!"]
[Site "http://www.queenalice.com/game.php?id=454961"]
[Date "2008.8.28"]
[Round "-"]
[White "Chalk"]
[Black "CampbellMarcel"]
[Result "1-0"]
[WhiteElo "1559"]
[BlackElo "1801"]

1. c4 e5 2. a3 Nf6 3. Nc3 c6 4. e4 Bc5 5. h3 O-O 6. Be2 Re8 7. d3 a6 8. b4 Bd4
9. Bb2 b5 10. c5 d6 11. Qc2 dxc5 12. bxc5 Bxc5 13. Nf3 Qb6 14. O-O Bb7 15. Qb3
a5 16. Ng5 Re7 17. Rad1 a4 18. Qa2 h6 19. Nf3 Nbd7 20. Nh4 Kh8 21. Nf5 Re6 22.
Bg4 Nxg4 23. hxg4 g6 24. Nxh6 Kg7 25. g5 Nf8 26. Ng4 Nh7 27. Ne2 Nxg5 28. Bxe5+
Kh7 29. Nf6+ Kh6 30. Ng4+ Kh7 31. d4 Bf8 32. Nf6+ Kh6 33. Qd2 Rxf6 34. Bxf6 Qd8
35. Qxg5+ Kh7 36. Qh4+ Kg8 37. Qh8# 1-0

[Event "Let's Play Chess!"]
[Site "http://www.queenalice.com/game.php?id=454962"]
[Date "2008.8.28"]
[Round "-"]
[White "Chalk"]
[Black "CampbellMarcel"]
[Result "1-0"]
[WhiteElo "1523"]
[BlackElo "1338"]

1. b3 e5 2. Bb2 Nc6 3. e4 d5 4. d3 dxe4 5. Be2 exd3 6. cxd3 Nd4 7. Nf3 Bg4 8.
Nxd4 Bb4+ 9. Nd2 Bxd2+ 10. Qxd2 exd4 11. Bxg4 Nf6 12. Qe2+ Kf8 13. O-O 1-0

[Event "Let's Play Chess!"]
[Site "http://www.queenalice.com/game.php?id=454963"]
[Date "2008.8.28"]
[Round "-"]
[White "Chalk"]
[Black "CampbellMarcel"]
[Result "1-0"]
[WhiteElo "1585"]
[BlackElo "1800"]

1. Nf3 b6 2. e4 d6 3. d4 Bb7 4. d5 c6 5. Bc4 b5 6. dxc6 Nxc6 7. Bxb5 a6 8. Ba4
Qa5+ 9. Nc3 O-O-O 10. O-O Nf6 11. Bxc6 Bxc6 12. Bd2 Qc7 13. Nd4 Nxe4 14. Nxe4
Bxe4 15. Qg4+ f5 16. Nxf5 Bxf5 17. Qxf5+ Rd7 18. Ba5 Qb7 19. b4 g6 20. Qd3 Bg7
21. Qc4+ Kb8 22. Rad1 Rc8 23. Qf7 e5 24. Qe6 Bf8 25. c4 h6 26. Rc1 Re7 27. Qxd6+
Ka8 28. c5 Qc6 29. Qxc6+ Rxc6 30. Rcd1 Kb7 31. Rd8 Bg7 32. Rfd1 Bf6 33. R8d7+
Rxd7 34. Rxd7+ Kb8 35. Rd6 Rxd6 36. cxd6 Kc8 37. Bc7 Bd8 38. Bxd8 Kxd8 39. Kf1
Kd7 40. Ke2 Kxd6 41. Kd3 Kd5 42. f3 g5 43. h3 h5 44. a4 h4 45. b5 a5 46. Ke3 Kd6
47. Ke4 Kc5 48. Kxe5 Kb4 49. b6 Kxa4 50. b7 Ka3 51. b8=Q a4 52. Kd4 Ka2 53. Kc3
a3 54. Kc2 Ka1 55. Qb1# 1-0

[Event "AUTO-INT-959"]
[Site "http://www.queenalice.com/game.php?id=517100"]
[Date "2009.1.4"]
[Round "2"]
[White "Chalk"]
[Black "carlos31"]
[Result "0-1"]
[WhiteElo "1605"]
[BlackElo "1850"]

1. b3 d5 2. Bb2 c5 3. h3 Nc6 4. e3 e5 5. Bb5 Bd6 6. a3 Nf6 7. d3 d4 8. e4 Qa5+
9. b4 Qxb5 10. Bc1 cxb4 11. axb4 Bxb4+ 12. Bd2 O-O 13. Ne2 a5 14. O-O b6 15.
Bxb4 Nxb4 16. Ra3 Be6 17. Nc1 Qd7 18. f3 Bxh3 19. gxh3 Qxh3 20. Rf2 Qc8 21. c4
Nh5 22. Ne2 f5 23. Rh2 fxe4 24. Rxh5 Rxf3 25. Rh2 Nxd3 26. Nd2 Re3 27. Nxe4 Qg4+
28. N2g3 Qxd1+ 0-1

[Event "AUTO-INT-959"]
[Site "http://www.queenalice.com/game.php?id=517101"]
[Date "2009.1.4"]
[Round "2"]
[White "carlos31"]
[Black "Chalk"]
[Result "1-0"]
[WhiteElo "1833"]
[BlackElo "1623"]

1. d4 d5 2. c4 e6 3. Nf3 h6 4. Ne5 c6 5. c5 Nd7 6. Bf4 Qa5+ 7. Nc3 b5 8. e3 Nxe5
9. Bxe5 Qd8 10. b4 a5 11. a3 a4 12. Nxb5 cxb5 13. Bxb5+ Bd7 14. c6 Bxc6 15.
Bxc6+ Ke7 16. Bxa8 Qxa8 17. Qc2 Qa7 18. Rc1 f6 19. Bd6+ Kf7 20. Bxf8 Kxf8 21.
Qc8+ Kf7 22. Rc7+ 1-0

[Event "AUTO-ADV-1191"]
[Site "http://www.queenalice.com/game.php?id=527642"]
[Date "2009.1.23"]
[Round "1"]
[White "Chalk"]
[Black "pomar"]
[Result "0-1"]
[WhiteElo "1615"]
[BlackElo "1972"]

1. d4 e6 2. Nf3 d5 3. a3 c5 4. e3 Qb6 5. c3 Nc6 6. a4 Nf6 7. Bb5 Bd7 8. O-O cxd4
9. exd4 h6 10. Qd3 Be7 11. b3 a6 12. Bxc6 Bxc6 13. Ne5 Qxb3 14. Nxc6 bxc6 15.
Nd2 Qb7 16. Ba3 Bxa3 17. Rxa3 O-O 18. Rb3 Qc7 19. f3 Rfb8 20. c4 Rxb3 21. Nxb3
Rb8 22. c5 Qb7 23. Rb1 Qa8 24. Nd2 a5 25. g4 Rb7 26. h4 Qb8 27. Kg2 g5 28. h5
Nd7 29. Qc3 Rxb1 0-1

[Event "AUTO-ADV-1191"]
[Site "http://www.queenalice.com/game.php?id=527643"]
[Date "2009.1.23"]
[Round "1"]
[White "pomar"]
[Black "Chalk"]
[Result "1-0"]
[WhiteElo "1930"]
[BlackElo "1627"]

1. f3 g6 2. Kf2 e5 3. e3 a6 4. c4 Nh6 5. d4 e4 6. Nc3 exf3 7. Qxf3 f5 8. Bd3 Be7
9. e4 Bh4+ 10. g3 Ng4+ 11. Kg2 Bg5 12. exf5 Nh6 13. fxg6 d6 14. Qh5 1-0

[Event "AUTO-ADV-1191"]
[Site "http://www.queenalice.com/game.php?id=527644"]
[Date "2009.1.23"]
[Round "1"]
[White "Chalk"]
[Black "neves"]
[Result "1/2-1/2"]
[WhiteElo "1628"]
[BlackElo "1662"]

1. d4 d5 2. Nc3 e6 3. a3 c5 4. e3 c4 5. Be2 h5 6. Bxh5 g6 7. Bf3 a6 8. Nce2 Qa5+
9. c3 b5 10. Bd2 Nf6 11. h3 Ne4 12. Bxe4 dxe4 13. Ng3 f5 14. N1e2 g5 15. b4 Qb6
16. Nf1 Nc6 17. g3 g4 18. h4 Rh5 19. Nf4 Rh6 20. Qc2 Bd6 21. Ng2 a5 22. Qb2 a4
23. Nh2 e5 24. O-O Be6 25. Ne1 O-O-O 26. Qc2 Bd5 27. Ng2 exd4 28. exd4 Rhh8 29.
Be3 Rdf8 30. Bf4 Bxf4 31. Nxf4 Qd8 32. Ng6 Qf6 33. Nxh8 1/2-1/2

[Event "AUTO-ADV-1191"]
[Site "http://www.queenalice.com/game.php?id=527645"]
[Date "2009.1.23"]
[Round "1"]
[White "neves"]
[Black "Chalk"]
[Result "0-1"]
[WhiteElo "1775"]
[BlackElo "1607"]

1. d4 d5 2. f4 e6 3. e3 a6 4. h4 Be7 5. g3 Nf6 6. Nc3 h6 7. a3 Bd7 8. a4 Bb4 9.
Nf3 Ne4 10. Bd2 Nxg3 11. Rh3 Nxf1 12. Kxf1 e5 13. Rg3 e4 14. Ne5 Qxh4 15. Rg2
Qh1+ 16. Rg1 Bh3+ 17. Kf2 Qh2+ 18. Ke1 Qxg1+ 19. Ke2 Qg2+ 20. Ke1 Qf1# 0-1

[Event "AUTO-ADV-1191"]
[Site "http://www.queenalice.com/game.php?id=527646"]
[Date "2009.1.23"]
[Round "1"]
[White "Chalk"]
[Black "Rapha66"]
[Result "0-1"]
[WhiteElo "1613"]
[BlackElo "1811"]

1. d4 d5 2. h3 Nc6 3. a3 Bf5 4. g4 Be4 5. f3 Bg6 6. h4 h6 7. h5 Bh7 8. e3 e6 9.
Nc3 Nf6 10. Bd3 Bd6 11. f4 Qe7 12. Bxh7 Rxh7 13. Qe2 a6 14. Bd2 O-O-O 15. b4 Re8
16. Qd3 Rhh8 17. Qe2 Ne4 18. Nxe4 dxe4 19. c4 Qd8 20. c5 Be7 21. Qf2 g6 22. Ne2
Ref8 23. O-O-O b6 24. Bc3 Rh7 25. Kb2 g5 26. f5 a5 27. Qf1 axb4 28. axb4 Bf6 29.
fxe6 fxe6 30. Ra1 Qe7 31. cxb6 cxb6 32. Nc1 Nxb4 33. Ra8+ Kb7 34. Rxf8 Qxf8 35.
Bxb4 Qxb4+ 36. Nb3 Rf7 37. Qb1 Rc7 38. Qxe4+ Kc8 39. Qxe6+ Kb8 40. Qxf6 Qc3+ 41.
Ka2 Ra7+ 0-1

[Event "AUTO-ADV-1191"]
[Site "http://www.queenalice.com/game.php?id=527647"]
[Date "2009.1.23"]
[Round "1"]
[White "Rapha66"]
[Black "Chalk"]
[Result "1/2-1/2"]
[WhiteElo "1808"]
[BlackElo "1599"]

1. e4 g6 2. Bc4 Bg7 3. Qf3 e6 4. Nc3 f6 5. d3 a6 6. Be3 b5 7. Bb3 Bb7 8. Qg3 Nc6
9. Nf3 h6 10. Qxg6+ Kf8 11. d4 Nge7 12. Qh5 Qe8 13. Qxe8+ Kxe8 14. d5 exd5 15.
Bxd5 Nxd5 16. Nxd5 Rc8 17. O-O-O Ne5 18. Nxe5 fxe5 19. f4 d6 20. fxe5 Bxd5 21.
exd6 Be6 22. Bd4 Rg8 23. Bxg7 Rxg7 24. g3 Bxa2 25. d7+ Rxd7 26. Rxd7 Kxd7 27. b3
Re8 28. Re1 c5 29. Kb2 Bxb3 30. cxb3 Kc6 31. h4 Re6 32. g4 b4 33. g5 hxg5 34.
hxg5 Rg6 35. Rg1 Kd6 36. Kc2 Ke5 37. Kd3 a5 38. Rg4 Rd6+ 39. Kc4 Rb6 40. Kxc5
Rb8 41. Kc4 a4 42. bxa4 b3 43. g6 b2 44. Rg1 b1=Q 45. Rxb1 Rxb1 46. a5 Rg1 47.
a6 Rxg6 48. Kb5 Kxe4 1/2-1/2

[Event "QA-ANNIV-05"]
[Site "http://www.queenalice.com/game.php?id=604133"]
[Date "2009.6.15"]
[Round "1"]
[White "Chalk"]
[Black "Richardlim"]
[Result "0-1"]
[WhiteElo "1630"]
[BlackElo "2133"]

1. g3 d5 2. Bg2 Nf6 3. d3 c6 4. Bd2 e5 5. h3 Bd6 6. a3 O-O 7. e3 Qb6 8. b3 d4 9.
e4 Be6 10. Bg5 Nbd7 11. Bxf6 Nxf6 12. Nd2 a5 13. Ngf3 Qc5 14. Nc4 Bc7 15. O-O b5
16. Nb2 a4 17. b4 Qb6 18. Qd2 c5 19. Ng5 Bd7 20. c4 dxc3 21. Qxc3 cxb4 22. Qxb4
Rac8 23. Qd2 Nh5 24. Bf3 Nxg3 25. Bg4 Nxf1 26. Kxf1 Bxg4 27. hxg4 Qh6 28. Kg2
Ba5 29. Qe3 Rc2 30. Nd1 Bb6 31. Nxf7 Qxe3 32. Nxe3 Bxe3 0-1

[Event "QA-ANNIV-05"]
[Site "http://www.queenalice.com/game.php?id=654364"]
[Date "2009.9.18"]
[Round "2"]
[White "majersesc"]
[Black "Chalk"]
[Result "1-0"]
[WhiteElo "2212"]
[BlackElo "1629"]

1. e4 e5 2. Nf3 d6 3. c3 Nf6 4. Qc2 a6 5. d4 exd4 6. cxd4 Be7 7. Bd3 O-O 8. e5
dxe5 9. dxe5 Bb4+ 10. Nc3 Bxc3+ 11. bxc3 Re8 12. O-O Nh5 13. Bxh7+ Kh8 14. Be4
g6 15. Bxg6 fxg6 16. Qxg6 Ng7 17. Ng5 Bf5 18. Nf7+ 1-0

[Event "QA-ANNIV-05"]
[Site "http://www.queenalice.com/game.php?id=723709"]
[Date "2010.2.1"]
[Round "3"]
[White "Chalk"]
[Black "Mick_Gray"]
[Result "0-1"]
[WhiteElo "1627"]
[BlackElo "1814"]

1. d4 b6 2. e4 Bb7 3. Nc3 e6 4. a3 c6 5. e5 c5 6. Nge2 Nc6 7. Be3 d6 8. Qd2 cxd4
9. Nxd4 Nxd4 10. Qxd4 a6 11. Rd1 d5 12. Qxb6 Qxb6 13. Bxb6 Nh6 14. Be2 d4 15.
O-O dxc3 16. bxc3 Bxa3 17. c4 O-O 18. Rd3 Be7 19. Rd7 Rab8 20. Rxe7 Bxg2 21.
Kxg2 Rxb6 22. c5 Rc6 23. Ra7 Rxc5 24. Rxa6 Rxc2 25. Bb5 Rc5 26. Rb1 Rxe5 27. h3
g6 28. Bc6 Nf5 29. Bf3 h5 30. Kh2 Rc8 31. Rg1 Rc3 32. Bxh5 Nh4 33. Bg4 Rg5 34.
Ra4 Nf3+ 35. Bxf3 Rxg1 36. Kxg1 Rxf3 37. Kg2 Rf5 38. f4 g5 39. fxg5 Rxg5+ 40.
Kf3 Kg7 41. Rg4 Kg6 42. Rxg5+ Kxg5 43. Kg3 f5 44. Kg2 e5 45. Kf3 Kh4 46. Kg2 e4
47. Kh2 f4 48. Kg2 f3+ 49. Kf2 Kxh3 50. Kg1 e3 51. Kh1 e2 0-1

[Event "QA-ANNIV-05"]
[Site "http://www.queenalice.com/game.php?id=793680"]
[Date "2010.6.23"]
[Round "5"]
[White "Chalk"]
[Black "cardosorafael"]
[Result "1-0"]
[WhiteElo "1644"]
[BlackElo "1843"]

1. d4 Nf6 2. Nc3 e6 3. a3 d5 4. Nf3 g6 5. Bd2 Bg7 6. e3 O-O 7. Bd3 Nbd7 8. b4
Re8 9. O-O e5 10. dxe5 Nxe5 11. Nxe5 Rxe5 12. f4 Re8 13. Be2 c6 14. h3 Bf5 15.
Bg4 Bxg4 16. hxg4 Qd7 17. f5 Rad8 18. fxg6 fxg6 19. Na4 Nxg4 20. Nc5 Qc8 21. c3
Bxc3 22. Bxc3 Nxe3 23. Qd4 Re5 24. Qxe5 Nf5 25. Qh8+ Kf7 26. Qxh7+ Kf8 27. Rxf5+
Qxf5 28. Rf1 Qxf1+ 29. Kxf1 1-0